Режимы работы энергетических систем (планирование и эксплуатация): переводы докладов XXIII сессии Международной конференции по большим электрическим системам (СИГРЭ), 1970

Detaylı Bibliyografya
Diğer Yazarlar: Веников В. А. (редактор)
Dil:Rusça
Baskı/Yayın Bilgisi: Москва, Энергия, 1972
Konular:
Materyal Türü: Kitap
KOHA link:https://koha.lib.tpu.ru/cgi-bin/koha/opac-detail.pl?biblionumber=77861

MARC

LEADER 00000nam0a2200000 4500
001 77861
005 20231031093458.0
035 |a (RuTPU)RU\TPU\book\83464 
090 |a 77861 
100 |a 20050531d1972 k y0rusy50 ca 
101 1 |a rus 
102 |a RU 
105 |a a z 101zy 
200 1 |a Режимы работы энергетических систем (планирование и эксплуатация)  |e переводы докладов XXIII сессии Международной конференции по большим электрическим системам (СИГРЭ), 1970  |f под ред. В. А. Веникова 
210 |a Москва  |c Энергия  |d 1972 
215 |a 184 с.  |c ил.  |e черт. 
320 |a Библиогр. в конце докл. 
610 1 |a энергетические системы 
610 1 |a энергия 
610 1 |a электрические системы 
610 1 |a электростанции 
610 1 |a электроэнергия 
610 1 |a Норвегия 
610 1 |a электрические сети 
610 1 |a автоматизированные энергосистемы 
610 1 |a Англия 
610 1 |a Уэльс 
675 |a 621.311  |v 3 
702 1 |a Веников  |b В. А.  |4 340 
801 1 |a RU  |b 63413507  |c 20050531  |g PSBO 
801 2 |a RU  |b 63413507  |c 20150611  |g PSBO 
942 |c BK